Common Sayings: Missing 'H' Words Quiz Stats

Quiz Updated Nov 24, 2017

Challenge
Share
Tweet
Embed
Score 0/30 Timer 04:00
10 Plays Today
% Correct
hot
96.4%
hatched
96%
hand
95.6%
health
95.6%
head
95.4%
heels
95.1%
highway
95.1%
hit
95%
heart
94.8%
hornets
94.7%
hell
94.7%
horn
94.5%
horse
94.3%
hole
94.2%
hair
94%
% Correct
honesty
93.9%
handle
93%
hate
93%
have
93%
hold
92.8%
home
92.7%
honest
92.6%
helped
92.1%
hat
91.9%
happy
91.7%
hare
90.8%
hills
90.1%
honor
90%
high
87.4%
hostage
85.8%

You're not logged in!

Compare scores with friends on all Sporcle quizzes.
Sign Up with Email
OR
Log In

You Might Also Like...

Show Comments

Extras

Top Quizzes Today


Score Distribution

Your Account Isn't Verified!

In order to create a playlist on Sporcle, you need to verify the email address you used during registration. Go to your Sporcle Settings to finish the process.